Slovensko v európskych udalostiach 1789-1945. 1. časť

Bibliographic Details
Main Authors: Bednáriková, Viera (Author), Folkman, Štefan (Author)
Format: Book
Language:Slovak
PhysicalDescription:45 s. Lit. 21 zázn. v slov. 20 cm
Published: Banská Bystrica Metodické centrum 1994
ISBN:8085415976
Edition:1. vyd.

MARC

LEADER 00000nam a2200000 a 4500
001 vtls001076262
003 SK-MaSNL
005 20260301232915.0
008 250414s1994 xo 0 slo
015 |a SNBA1994/09 
020 |a 8085415976 
035 |a SNK000019095 
040 |a SNK  |b slo  |c SNK  |e AACR2 
041 0 |a slo 
044 |a xo  |c SK 
080 |a 943.76"1789/1945"(072)  |2 1981 
100 1 |a Bednáriková, Viera  |4 aut  |9 42789 
245 1 0 |a Slovensko v európskych udalostiach 1789-1945. 1. časť  |c Viera Bednáriková, Štefan Folkman 
250 |a 1. vyd. 
260 |a Banská Bystrica  |b Metodické centrum  |c 1994 
300 |a 45 s.  |b Lit. 21 zázn. v slov.  |c 20 cm 
366 |e 350 výt. 
500 |a Určené pre vnútornú potrebu SŠ 
700 1 |a Folkman, Štefan  |4 aut  |9 8890 
852 |a Slovenská národná knižnica 
919 |a 80-85415-97-6 
958 |a APR 
958 |a TL 
958 |a NB 
999 |c 963501  |d 965431 
952 |a SNK  |b SNK  |y VYP  |7 0  |p 17A0220770  |o snkSC 86595/1 D1  |0 0  |1 0  |4 0  |d 1999-12-16  |l 0  |r 2004-12-31 00:00:00  |w 2026-02-24